000 00262nam a2200121Ia 4500
008 190216s9999||||xx |||||||||||||| ||und||
100 _aNull
245 0 _aHindi-Hindusthan Parinjan
260 _bCurrent Books
300 _a118
650 _aHindi
942 _cBK
999 _c15699
_d15699